Guess the Movie/TV Show - Pixelated Images #3 - Statistics

General Stats
  • This quiz has been taken 56 times
  • The average score is 10 of 15
Answer Stats
Picture Hint Answer % Correct
1987–1996 Teenage Mutant Ninja Turtles
98%
2015 Avengers: Age of Ultron
94%
1937 Snow White
88%
1999 The Matrix
87%
2004 Saw
85%
2021–2025 Squid Game
85%
2007–2015 Phineas and Ferb
79%
2012 Django Unchained
62%
2012–2016 Gravity Falls
62%
2000 American Psycho
56%
2007 Superbad
48%
1990 Goodfellas
40%
1976 Taxi Driver
40%
2009 Inglourious Basterds
31%
1994 Léon: The Professional
27%
No matching quizzes found
Score Distribution
Percent of People with Each Score
Percentile by Number Answered
Your Score History
You have not taken this quiz